Eurovision Semi Final 1 Countries - Statistics

General Stats
  • This quiz has been taken 25 times
  • The average score is 12 of 15
Answer Stats
Answer % Correct
Estonia
89%
Finland
89%
Greece
89%
Montenegro
89%
Sweden
89%
Belgium
84%
Croatia
84%
Lithuania
84%
Portugal
84%
Poland
79%
Serbia
79%
Georgia
74%
Moldova
74%
San Marino
74%
Israel
58%
No matching quizzes found
Score Distribution
Percent of People with Each Score
Percentile by Number Answered
Your Score History
You have not taken this quiz